US States that Contain the Letter S - Statistics

General Stats
  • This quiz has been taken 222 times
  • The average score is 20 of 21
Answers on the Map
Answers color-coded by a green-red scale on the quiz's map according to % correct below.
 
Answer Stats
Answer % Correct
Alaska
98%
South Dakota
97%
Texas
97%
Washington
96%
Arkansas
95%
Kansas
95%
Mississippi
95%
South Carolina
95%
Illinois
94%
Massachusetts
94%
Missouri
94%
Louisiana
93%
Nebraska
92%
New Hampshire
92%
New Jersey
91%
Pennsylvania
91%
Rhode Island
91%
Tennessee
91%
West Virginia
91%
Wisconsin
91%
Minnesota
89%
No matching quizzes found
Score Distribution
Percent of People with Each Score
Percentile by Number Answered
Your Score History
You have not taken this quiz